Movies Quiz

Random Movies or Director Quiz

One-Word Movies by Director Quiz Stats

 Plays Quiz Updated Oct 15, 2019

Score 0/26 Timer 07:00
0 Plays Today
Director One-Word Movie Titles % Correct
James CameronAliens, Titanic, Avatar
96.9%
Alfred HitchcockChampagne, Blackmail, Murder!, Mary, Sabotage, Rebecca, Suspicion, Saboteur, Lifeboat, Spellbound, Notorious, Rope, Vertigo, Psycho, Marnie, Topaz, Frenzy
85.4%
Christopher NolanFollowing, Memento, Insomnia, Inception, Interstellar, Dunkirk
66.3%
M. Night ShyamalanUnbreakable, Signs, Split, Glass
63.5%
Kevin SmithClerks., Mallrats, Dogma, Tusk
63.2%
Ridley ScottAlien, Legend, Gladiator, Hannibal, Prometheus
61.7%
Mel GibsonBraveheart, Apocalypto
58.9%
Michael BayArmageddon, Transformers
58.7%
Oliver StoneSeizure, Salvador, Platoon, JFK, Nixon, Alexander, W., Savages, Snowden
58.1%
Steven SpielbergFirelight, Jaws, 1941, Always, Hook, Amistad, Munich, Lincoln
57.7%
Tim BurtonBeetlejuice, Batman, Frankenweenie, Dumbo
51.9%
Martin ScorseseGoodfellas, Casino, Kundun, Hugo, Silence
50.7%
Clint EastwoodBreezy, Firefox, Bird, Unforgiven, Changeling, Invictus, Hereafter, Sully
45.2%
Director One-Word Movie Titles % Correct
Woody AllenBananas, Sleeper, Interiors, Manhattan, Zelig, September, Alice, Celebrity, Scoop
44%
Guy RitchieSnatch., Revolver, RocknRolla, Aladdin
39.9%
Ivan ReitmanMeatballs, Stripes, Ghostbusters, Twins, Dave, Junior, Evolution
29.8%
David FincherSe7en, Zodiac
29.5%
Michael MannThief, Manhunter, Heat, Ali, Collateral, Blackhat
28.3%
Roman PolanskiRepulsion, Cul-de-sac, Macbeth, What?, Chinatown, Tess, Pirates, Frantic, Carnage
27.5%
Ron HowardSplash, Cocoon, Willow, Parenthood, Backdraft, Ransom, Edtv, Rush, Inferno
27.3%
Steven SoderberghKafka, Underneath, Traffic, Solaris, Bubble, Contagion, Haywire, Unsane
25.5%
David LynchEraserhead, Dune
25.5%
Stanley KubrickSpartacus, Lolita
23.6%
Jon FavreauMade, Elf, Zathura, Chef
20%
Penny MarshallBig, Awakenings
18.4%
Robert ZemeckisContact, Beowulf, Flight, Allied
11.4%

You're not logged in!

Compare scores with friends on all Sporcle quizzes.
OR
Log In

Sporcle TV

Today on Sporcle TV


Watch our educational content, quiz creation guides, and fun videos on Sporcle TV.

Show Comments

Extras

Top Quizzes Today


Score Distribution

Your Account Isn't Verified!

In order to create a playlist on Sporcle, you need to verify the email address you used during registration. Go to your Sporcle Settings to finish the process.

Report this User

Report this user for behavior that violates our Community Guidelines.

Details: